00370nam a2200133 a 45000010010000000030011000100080041000210350026000620820015000881000022001032450047001252600053001726500011002250000-8731ELIB.Books110520 2005  a(ELIB.Books)0000-8877 aB.Th bTin aTin Htut Ohn, Saw aTheological Outlook on some moral Problems bInsein: Karen Baptist Theolgical Seminary c2005 aThesis